000 00191 a2200097 4500
020 _a9781410889614
041 _aspa
100 _aKatherine Scrape
245 _aLa venta de garaje
942 _cK
999 _c27556
_d27556